Fi fi brindacier / (Record no. 6742)

MARC details
000 -LEADER
fixed length control field 00817nam a22002537a 4500
001 - CONTROL NUMBER
control field 6742
003 - CONTROL NUMBER IDENTIFIER
control field FISKH
005 - DATE AND TIME OF LATEST TRANSACTION
control field 20250523124338.0
008 - FIXED-LENGTH DATA ELEMENTS--GENERAL INFORMATION
fixed length control field 250523b cb ||||| |||| 00| 0 eng d
020 ## - INTERNATIONAL STANDARD BOOK NUMBER
International Standard Book Number 9782013218740
040 ## - CATALOGING SOURCE
Original cataloging agency FISKH
Language of cataloging French
Transcribing agency FISKH
Modifying agency FISKH
050 ## - LIBRARY OF CONGRESS CALL NUMBER
Classification number PZ7.L6585 P
082 ## - DEWEY DECIMAL CLASSIFICATION NUMBER
Classification number 839.7374
100 ## - MAIN ENTRY--PERSONAL NAME
Personal name Lindgren, Astrid
245 ## - TITLE STATEMENT
Title Fi fi brindacier /
Statement of responsibility, etc. By Astrid Lindgren
260 ## - PUBLICATION, DISTRIBUTION, ETC.
Place of publication, distribution, etc. Vanves :
Name of publisher, distributor, etc. Hachette Jeunesse ,
Date of publication, distribution, etc. 1945.
300 ## - PHYSICAL DESCRIPTION
Extent 155 pages :
Other physical details illustrations ;
Dimensions 18 cm .
490 ## - SERIES STATEMENT
Series statement Pipi Longstocking
520 ## - SUMMARY, ETC.
Summary, etc. Escapades of a lucky little girl who lives with a horse and a monkey--but without any parents--at the edge of a Swedish village.
650 ## - SUBJECT ADDED ENTRY--TOPICAL TERM
Topical term or geographic name entry element Pippi Longstocking
Form subdivision Fiction
700 ## - ADDED ENTRY--PERSONAL NAME
Personal name Maja, Daniel
Relator term Illustrator
942 ## - ADDED ENTRY ELEMENTS (KOHA)
Source of classification or shelving scheme Dewey Decimal Classification
Koha item type Books
Suppress in OPAC No
Holdings
Withdrawn status Lost status Source of classification or shelving scheme Damaged status Not for loan Collection Home library Current library Shelving location Date acquired Total Checkouts Full call number Barcode Date last seen Price effective from Koha item type
    Dewey Decimal Classification     Fiction Footprints International School Library Network Toul Tom Poung Campus Footprints International School Library Network Toul Tom Poung Campus TTP Secondary Fiction Bookshelves 05/23/2025   LIN 839.7374 PZ7.L6585 P FISSE02624 05/23/2025 05/23/2025 Books